000 00443nam a2200157 4500
001 121448
003 ES-MaACL
005 20230906191743.0
007 t|
008 070214s1972 sp r ||||1| spa d
100 1 _aPorcel, Baltasar.
_993114
245 1 3 _aLa luna y el velero
_b: novela /
_cBaltasar Porcel.
260 _aBarcelona :
_bPlaza & Janés,
_c1972.
300 _a185 p. :
_bil. ;
_c19 cm.
852 _aES-MaACL
_jC-43628
_bR.82555
999 _c121448
_d121448